01230nam a2200253 a 450000100100000000500170001000800410002702000180006804000250008608200170011110000350012824500530016326000720021630000270028849000510031549000660036665000180043265000270045083001160047795201300059395201150072395201210083899900170095900002624720240508123313.0110307s2007 dr a r 000 0 spa d a9789945443127 aDO-SdBNPbspacBNPHU a332.4bQ452h1 aAlmonte Diloné, Henry,9158510a¿Qué es el dinero? /cHenry Almonte Diloné. aSanto Domingo :bBanco Central de la República Dominicana,c2007. a63 p. :bil. ;c22 cm.1 aBanco Central de la República Dominicanav941 aSerie Educativa Banco Central de la República Dominicanav2 0aMoneda 93308 4aPoder de compra953275 0aBanco Central de la República Dominicanan94pEducativa Banco Central de la República Dominiccanan2953276 001054708DSaGRbGRcHDd2017-03-02iLF1l0o332.4 Q452hp26247-30r2020-06-25te. 3w2020-06-25yLFDSZPréstamo en sala 0010718PDaPDbPDcHDd2011-03-07iLF1l0o332.4 Q452hp26247-10r2020-06-25w2020-06-25yLFPDZNo se presta 0010718PDaPDbPDcHDd2011-03-07iLF1l0o332.4 Q452hp26247-20r2020-06-25te. 2w2020-06-25yLFPDZNo se presta c25739d25739